Infrastructure delivery (Record no. 108320)

MARC details
000 -LEADER
fixed length control field 01480cad a22002415a 4500
001 - CONTROL NUMBER
control field L143919
008 - FIXED-LENGTH DATA ELEMENTS--GENERAL INFORMATION
fixed length control field 080605e20080604xxk f f000 0 eng d
035 ## - SYSTEM CONTROL NUMBER
System control number (Sirsi) u143919
041 0# - LANGUAGE CODE
Language code of text/sound track or separate title eng
050 04 - LIBRARY OF CONGRESS CALL NUMBER
Classification number 711.3 $2 18
110 1# - MAIN ENTRY--CORPORATE NAME
Corporate name or jurisdiction name as entry element United Kingdom
Subordinate unit Department for Communities and Local Government
9 (RLIN) 4939
245 00 - TITLE STATEMENT
Title Infrastructure delivery
Remainder of title spatial plans in practice supporting the reform of local planning
Medium [electronic resource]
260 ## - PUBLICATION, DISTRIBUTION, ETC.
Place of publication, distribution, etc. London
Name of publisher, distributor, etc. TSO
Date of publication, distribution, etc. 2008
520 ## - SUMMARY, ETC.
Summary, etc. This report shows the role of spatial plans in the delivery of infrastructure requirements resulting from the reformed spatial planning process. Reviews and analyses relevant government policy statements and previous research. Presents a small number of case studies. Identifies good practice. Stresses the importance of delivery in successful implementation. Finds that there is a gap between government expectations and current practice. Sometimes this gap includes a lack of basic knowledge and understanding of the issues.
590 ## - LOCAL NOTE (RLIN)
Local note KA NTK
650 24 - SUBJECT ADDED ENTRY--TOPICAL TERM
Topical term or geographic name entry element PLANNING POLICY STATEMENT 12
650 24 - SUBJECT ADDED ENTRY--TOPICAL TERM
Topical term or geographic name entry element REGIONAL SPATIAL STRATEGIES
651 #4 - SUBJECT ADDED ENTRY--GEOGRAPHIC NAME
Geographic name United Kingdom
Chronological subdivision
690 ## - LOCAL SUBJECT ADDED ENTRY--TOPICAL TERM (OCLC, RLIN)
Topical term or geographic name as entry element ENVIRONMENTAL AND LAND CONSULTANCY-PLANNING AND DEVELOPMENT-PLANNING GUIDANCE
710 2# - ADDED ENTRY--CORPORATE NAME
Corporate name or jurisdiction name as entry element Planning Advisory Service
9 (RLIN) 5078
856 40 - ELECTRONIC LOCATION AND ACCESS
Uniform Resource Identifier <a href="https://www.communities.gov.uk/documents/planningandbuilding/pdf/spatialplaninfrastructure.pdf">https://www.communities.gov.uk/documents/planningandbuilding/pdf/spatialplaninfrastructure.pdf</a>
Public note View the report free of charge at www.communities.gov.uk...
942 ## - ADDED ENTRY ELEMENTS (KOHA)
Suppress in OPAC 0
Holdings
Withdrawn status Lost status Source of classification or shelving scheme Damaged status Not for loan Home library Current library Shelving location Date acquired Total Checkouts Full call number Barcode Date last seen Copy number Price effective from Koha item type
    Dewey Decimal Classification     Virtual Virtual Online 06/06/2008   ONLINE PUBLICATION 143919-2001 06/08/2019 1 06/08/2019 Book